000 00638nam a2200229 i 4500
001 bg
100 1 _aBRYŁKA, Jerzy
245 1 0 _aChemia ogólna z zadaniami /
_cJerzy Bryłka ; Politechnika Białostocka.
260 _aBiałystok :
_bDział Wydawnictw i Poligrafii PB,
_c1999.
300 _a584 s. :
_bil. ;
_c23 cm.
504 _aBibliogr. - Indeks.
650 9 _aChemia
655 _aPodręczniki akademickie
710 0 _aPolitechnika Białostocka
020 _a8388229060
040 _cBPK
041 0 _apl
080 _a54(075.8)
920 _a83-88229-06-0
942 _cKS
008 s pl f |000 0 pol
999 _c37990
_d37990
856 _uhttp://koha.tu.koszalin.pl/cgi-bin/koha/opac-detail.pl?biblionumber=37990
_yKatalog online BPK